000 00588nam a2200217Ia 4500
005 20250425162138.0
008 250425s9999 xx 000 0 und d
041 _aspa
082 _a664.87
110 _aMACRO EIRL
245 0 _aELABORACION DE FRUTA CONFITADA: CREA TU PROPIA MICROEMPRESA
250 _a1A ED.
260 _aLIMA
260 _aPerĂº
_bMACRO
_c2000
300 _a113
500 _aColeccion en Indusria Alimentaria; serie #5. CONSULTAR D-24966 EN BIBTEC.
650 _aFRUTAS CONFITADAS
650 _aINDUSTRIA ALIMENTARIA
942 _c01
010 _a52836
999 _c223232
_d223232